Épisodes de Tintin par extrait de 5 secondes #9 - Statistiques

Statistiques générales
  • Ce quiz a été pris 53 fois
  • Le résultat moyen est 14 sur 21
Statistiques - réponses
Hint Réponse % Correct
On a marché sur la Lune
91%
Le Sceptre d'Ottokar
89%
Tintin en Amérique
89%
Le Temple du Soleil
86%
Tintin et les Picaros
86%
Objectif Lune
83%
Vol 714 pour Sydney
80%
L'Oreille cassée
74%
L'Affaire Tournesol
69%
Le Crabe aux pinces d'or
69%
Tintin au Tibet
66%
Les Cigares du pharaon
63%
L'Étoile mystérieuse
63%
Le Secret de La Licorne
60%
Le Lotus bleu
57%
L'Île Noire
57%
Les Sept Boules de cristal
54%
Tintin au pays de l'or noir
54%
Les Bijoux de la Castafiore
40%
Coke en stock
37%
Le Trésor de Rackham le Rouge
26%
Aucun quiz correspondant
Distribution des résultats
% des personnes avec chaque résultat
Percentile par nombre de réponses
Votre historique - résultats
Vous n’avez pas pris ce quiz